[Event "FIDE Zonal 2.5"]
[Site "Villa Martelli-Vicente Lopez"]
[Date "2017.04.30"]
[Round "1"]
[White "Mareco, Sandro"]
[Black "Sica, Mauro"]
[Result "1-0"]
[WhiteElo "2655"]
[BlackElo "2142"]
[Annotator "TA"]
[PlyCount "59"]
[EventDate "2017.??.??"]
[EventType "swiss"]
[EventCountry "ARG"]
[SourceTitle "playchess.com"]
[Source "ChessBase"]
[SourceQuality "1"]

{[%evp 15,59,41,54,47,46,21,25,25,32,23,25,15,49,48,63,60,64,39,41,28,54,57,111,111,117,112,167,156,160,159,182,171,419,398,577,577,583,545,588,588,575,571,587,593,595,595]} 1. Nf3 d6 2. d4 f5 3. g3 g6 4. Bg2 Nf6 5. O-O Bg7 6. b3 O-O 7. Bb2 Ne4 8. c4 c5 {LiveBook: 12 Games. A87: Dutch Defence: Leningrad System: 5 Nf3} (8... Nc6 9. Nbd2 Nxd2 10. Qxd2 e5 11. dxe5 dxe5 12. Qd5+ Kh8 13. Qxd8 Rxd8 14. Rfd1 e4 15. Rxd8+ Nxd8 16. Bxg7+ Kxg7 17. Nd4 Ne6 18. Rd1 Nxd4 19. Rxd4 Be6 20. f3 exf3 21. exf3 c5 {½-½ (32) Heimann,A (2588)-Demuth,A (2527) Bad Ragaz 2017}) 9. Qc1 cxd4 10. Bxd4 $146 ({Predecessor (2):} 10. Nxd4 Qb6 11. Nb5 a6 12. N5c3 Nc6 13. Nxe4 fxe4 14. Bxg7 Kxg7 15. Bxe4 Bh3 16. Bg2 {1-0 (41) Portisch,L-Gasztonyi,E Budapest 1957}) 10... e5 {The position is equal.} 11. Bb2 Nc6 12. Nc3 Nxc3 13. Qxc3 Bf6 14. Qd2 Qe7 15. Rad1 Rd8 16. Ba3 {[%cal Ra3d6]} e4 17. Ne1 $1 Be5 18. Nc2 Be6 {[#]} (18... a5 $14) 19. f3 $1 $16 exf3 20. exf3 {[%cal Be2f3,Bf3f4][%mdl 32] Hoping for f4.} Qg7 (20... f4 $16 {was necessary.}) 21. f4 $18 {Black must now prevent Bxc6.} Bf6 22. Bxd6 Bf7 23. Qf2 Rd7 $2 {[#]} (23... Rac8 24. Bxc6 Rxc6) 24. Bf8 $1 {[%mdl 512]} Rxd1 (24... Qxf8 {might work better.} 25. Rxd7 Be7) (24... Rxf8 25. Rxd7) 25. Bxg7 {White is clearly winning.} Rxf1+ 26. Kxf1 Kxg7 27. Bxc6 bxc6 28. Nb4 Rb8 29. Qc5 Rd8 30. Nxc6 {Precision: White = 88%, Black = 28%.} 1-0

[Event "FIDE Zonal 2.5"]
[Site "Villa Martelli-Vicente Lopez"]
[Date "2017.04.30"]
[Round "1"]
[White "Vasquez Schroeder, Rodrigo"]
[Black "Anino, Sergio"]
[Result "1-0"]
[WhiteElo "2554"]
[BlackElo "2159"]
[Annotator "TA"]
[PlyCount "67"]
[EventDate "2017.??.??"]
[EventType "swiss"]
[EventCountry "ARG"]
[SourceTitle "playchess.com"]
[Source "ChessBase"]
[SourceQuality "1"]

{[%evp 21,67,25,18,18,31,18,17,13,17,12,72,79,96,34,42,37,37,39,31,0,7,10,22,10,25,0,14,27,37,33,96,94,93,93,175,123,107,70,149,139,137,85,227,227,1112,1066,5281,5255]} 1. e4 e5 2. Nf3 Nc6 3. Bb5 Nge7 4. c3 g6 5. d4 exd4 6. cxd4 d5 7. exd5 Nxd5 8. O-O Bg7 9. Re1+ Be6 10. Bg5 Qd6 11. Nbd2 {[%cal Bb1d2,Bd2c4,Bc4a5][%mdl 32]} O-O 12. Nc4 {C60: Ruy Lopez: Unusual Black 3rd moves and 3...g6} Qb4 13. a4 Rfe8 14. Bd2 {The position is equal.} Qf8 15. Na5 Nxd4 (15... Bg4 $11) 16. Bxe8 $16 Rxe8 $146 ({Predecessor:} 16... Nxf3+ 17. Qxf3 Rxe8 18. Nxb7 Rb8 {1-0 (39) Gharamian,T (2643)-Vul,A (2267) Cappelle la Grande 2016}) 17. h3 (17. Nxb7 $16 Rb8 18. Na5 (18. Nxd4 Bxd4 19. Na5 Rxb2 $11)) 17... b6 $14 18. Nc4 c5 19. Rc1 h6 20. b3 Rd8 21. Nxd4 Bxd4 22. Qf3 Nb4 23. Kh1 Qg7 24. Bc3 Bd5 25. Qg3 Bxc4 (25... Nc6 $14) 26. Bxd4 $16 Rxd4 27. Rxc4 Nc6 {[#]} (27... Rd7 $16 {was called for.}) 28. Qc7 (28. Re8+ $1 $18 Kh7 29. Rxd4 Qxd4 30. Qf3) 28... Qf6 29. Kg1 Kg7 (29... Rxc4 $14 30. bxc4 Kg7) 30. Rxd4 Nxd4 31. Re3 ({White should try} 31. a5) 31... a6 (31... Nc6 $16 {was necessary.}) 32. a5 $18 {[%cal Ba4a5,Ba5b6][%mdl 32]} Nf5 $2 {[#]} (32... bxa5 33. Qxc5 (33. Qxa5 Qd6 34. Qc3 Kf8 $16) 33... Nb5) 33. axb6 Nxe3 34. fxe3 {Precision: White = 68%, Black = 33%.} 1-0

[Event "FIDE Zonal 2.5"]
[Site "Villa Martelli-Vicente Lopez"]
[Date "2017.04.30"]
[Round "1"]
[White "Krysa, Leandro"]
[Black "Gimenez, Ismael"]
[Result "1-0"]
[WhiteElo "2517"]
[BlackElo "2137"]
[Annotator "TA"]
[PlyCount "77"]
[EventDate "2017.??.??"]
[EventType "swiss"]
[EventCountry "ARG"]
[SourceTitle "playchess.com"]
[Source "ChessBase"]
[SourceQuality "1"]

{[%evp 24,77,16,12,18,0,0,-3,0,-24,14,-3,23,-12,-12,-8,-14,-10,-6,-27,24,-31,0,-22,0,0,0,0,0,0,14,16,25,30,20,19,38,0,0,0,117,108,129,58,154,129,299,298,299,304,291,282,437,437,647,643]} 1. d4 Nf6 2. c4 e6 3. Nc3 d5 4. cxd5 exd5 5. Bg5 Be7 6. e3 c6 7. Bd3 Nbd7 8. Nge2 Nh5 9. Bxe7 Qxe7 10. Qd2 {D35: Queen's Gambit Declined: Exchange Variation} g6 11. f3 Nb6 12. O-O O-O 13. Rae1 {LiveBook: 3 Games} Be6 {[#]} 14. g4 $146 ({Predecessor (3):} 14. e4 dxe4 15. fxe4 Rad8 16. b3 Bg4 17. Qe3 f6 {1-0 (39) Ding,L (2782)-Inarkiev,E (2660) Baku 2015}) 14... Ng7 15. Nf4 Rae8 16. Qg2 c5 17. Kh1 a6 18. Qf2 cxd4 $1 19. exd4 Qf6 20. Ng2 Bd7 21. Re5 Bc6 ({Black should try} 21... Qd8) 22. Rfe1 (22. f4 $11) 22... Qd6 23. a3 f6 24. Rxe8 Rxe8 25. Rxe8+ Bxe8 26. Kg1 Bc6 27. Qe3 Qe6 28. Qf4 Qe7 29. Qb8+ Ne8 30. Bxa6 Nd7 $1 {[%cal Rd7b8]} 31. Qa8 Nb6 {[#]} (31... Nf8 $1 $11 32. Bd3 Ne6) 32. Qa7 $1 $16 {[%cal Ra7b6]} Qc7 33. Bf1 (33. Bd3 $16) 33... Nd7 (33... Ng7 $1 $14) 34. b4 {[%cal Bb2b4,Bb4b5][%mdl 32] b5 is the strong threat.} Qb6 $2 (34... Nb6 $16) 35. Qxb6 $18 Nxb6 36. b5 Bd7 37. a4 {[%cal Ba3a4,Ba4a5][%mdl 32]} Nc7 (37... Nd6 {is a better defense.} 38. a5 Nbc4) 38. a5 Nc4 {[#]} (38... Nc8 $142 39. b6 Na8) 39. Nxd5 $1 {[%mdl 512] Precision: White = 63%, Black = 42%.} 1-0

[Event "FIDE Zonal 2.5"]
[Site "Villa Martelli-Vicente Lopez"]
[Date "2017.04.30"]
[Round "1"]
[White "Balzano, Ivan"]
[Black "Peralta, Fernando"]
[Result "0-1"]
[WhiteElo "2150"]
[BlackElo "2565"]
[Annotator "TA"]
[PlyCount "128"]
[EventDate "2017.??.??"]
[EventType "swiss"]
[EventCountry "ARG"]
[SourceTitle "playchess.com"]
[Source "ChessBase"]
[SourceQuality "1"]

{[%evp 22,127,20,16,28,23,32,31,30,22,30,22,29,33,45,25,26,0,48,34,166,69,60,0,0,0,0,-49,-16,-35,-22,-108,-77,-85,-72,-85,77,47,150,144,152,158,118,114,177,177,310,185,218,202,190,0,0,-90,-90,-100,-90,-97,-97,-215,-18,-102,-102,-215,-209,-433,-412,-412,-214,-214,-213,-195,0,-397,-13,-154,-100,-107,0,-212,-208,-183,-17,-123,-129,-333,-62,-119,-18,-41,-41,-77,-64,-319,-315,-315,-315,-301,-301,-274,-266,-269,-398,-29986,-29987,-29987,-29988,-29999]} 1. e4 e6 2. d4 d5 3. Nd2 c5 4. exd5 Qxd5 5. Ngf3 cxd4 6. Bc4 Qd6 7. O-O Nf6 8. Nb3 Nc6 9. Nbxd4 Nxd4 10. Nxd4 Be7 11. c3 O-O 12. Qe2 Bd7 {C07: French Tarrasch: 3...c5, 4 Ngf3 and 4 exd5 Qxd5} 13. Re1 Qc7 14. Bg5 (14. Bb3 Bd6 15. h3 Bh2+ 16. Kh1 Bf4 17. Bxf4 Qxf4 18. Rad1 Rfe8 19. Kg1 {1-0 (58) Gomez Garrido,C (2519)-Das,S (2444) Barcelona 2015}) 14... Nd5 {White is slightly better.} 15. Bxe7 Nxe7 16. Rad1 {[%cal Rc4e6]} Rfd8 17. Bb3 $146 ({Predecessor:} 17. h4 Rac8 18. Bb3 Qc5 19. h5 Qg5 {1-0 (37) Garma,C (2280)-Malek,F (2290) Novi Sad 1990}) 17... Qb6 18. Qe3 Be8 19. Qg5 Ng6 20. h4 Nf8 (20... Qc7 $14) 21. h5 (21. Rd3 $18) 21... h6 $1 $14 {[%cal Rh6g5]} 22. Qf4 (22. Qg4 $14) 22... a5 $11 {[%cal Ba7a5,Ba5a4][%mdl 32]} 23. Rd3 {Strongly threatening Rg3.} a4 24. Bc2 (24. Bd1 $5 {[%cal Rd3g3]} Nh7 25. Rg3 $11) 24... Ra5 25. Rg3 {And now Qxh6 would win.} Rxh5 26. Re5 (26. Qf6 $1 $11 {was the only way to keep the balance.} Ng6 27. Qf3) 26... Rxe5 27. Qxe5 {[%csl Gg3][%cal Re5g7]} g6 28. Qf6 {aiming for Nf5!} Qd6 $2 (28... Qc7 $17) 29. Rd3 $1 $16 e5 ({Black should play} 29... Nh7 $14 30. Qh4 Ra8) 30. Ne6 $1 Qxe6 31. Qxd8 Bc6 32. Qh4 Qxa2 (32... e4 $16 33. Rd8 e3) 33. Qxh6 $18 {Threatening mate with Rd8.} Qa1+ (33... Bd7 $142) 34. Kh2 (34. Rd1 $142 Qxb2 35. Rd8) 34... Qf1 {[%csl Gc6][%cal Rf1g2]} 35. f3 {White wants to mate with Rd8.} Ne6 36. Rd6 $2 (36. Rd1 $18 Qc4 37. Kg3 Qf4+ 38. Qxf4 exf4+ 39. Kh4) 36... Bxf3 $1 $40 {[%mdl 128] Black has some attack.} 37. gxf3 (37. Rd2 $11 Bc6 38. Bxg6 $1 {[%mdl 512]} fxg6 39. Qxg6+ Kf8 40. Rd6 Qf4+ 41. Kg1 Qe3+ 42. Kh2 Qf4+ 43. Kg1 Qe3+ 44. Kh2 Qf4+) 37... Qf2+ 38. Kh1 {Threatens to win with Rd2.} Qxc2 $17 {[%mdl 4096] Endgame KQR-KQN} 39. Qd2 Qf5 40. Rd3 (40. Kg2 $17) 40... Kg7 $2 (40... Nf4 $19 41. Re3 b5) 41. Re3 (41. Qe3 $1 $11) 41... Nf4 42. Kg1 {[#]} (42. c4 $17 {is the only way for White.}) 42... b5 $1 $19 43. Kf1 $2 (43. Kh1) 43... Qh5 44. Kg1 Qh4 (44... Qh6 $142 45. Re2 Qg5+ 46. Kf1 Qh5) 45. Qh2 Qg5+ 46. Kf1 Qf5 $2 (46... Qf6 47. Ke1 Qf5) 47. Qd2 $1 Qe6 $2 (47... Qh3+ $19 48. Kg1 Qh6) 48. Kg1 (48. Ke1 $11 {remains equal.}) 48... Qe7 (48... f6 $142 49. Re1 Qh3) 49. Kf1 $17 Qg5 (49... Qh4 $17 {( -> ...Qh1+)} 50. Rxe5 Qh1+ 51. Kf2 {[#]} Nd3+ $1 {[%mdl 512]} 52. Qxd3 Qh2+ 53. Kf1 Qxe5) 50. Qh2 $19 Qf6 51. Qd2 Qc6 $2 (51... Qf5 $19 {White must now prevent ...Qh3+.} 52. Kg1 f6) 52. Re4 (52. Ke1 $1 $11) 52... Qe6 $17 53. Re3 $2 (53. Kf2 $17 {was necessary.}) 53... Nd5 $2 (53... Qh3+ $19 54. Kg1 Qh6) 54. Rd3 ({White should try} 54. Re1 $1 $15) 54... Nb6 (54... Qh3+ $17 55. Kf2 Qh2+ 56. Kf1 Qh3+ 57. Kf2 Qh2+ 58. Kf1 Qh3+) 55. Qf2 Nc4 {...Qf5 is the strong threat.} 56. Kg2 Qe7 (56... Qf5 $5 {[%cal Rf5d3]} 57. Rd1 Qg5+ 58. Kh1 Qf4 $17) 57. Rd5 $2 {[%mdl 8192]} (57. Kh1 $15) 57... Qg5+ $19 58. Kh2 Qh6+ 59. Kg1 Qc1+ 60. Kh2 Nxb2 {Hoping for ...a3.} 61. Rxb5 Nd3 62. Qh4 $2 (62. Qe2 $19 Qxc3 63. Rb8) 62... Qd2+ {Black mates.} 63. Kg1 Nf4 {[%csl Gf4][%cal Rd2g2]} 64. Qh2 Qe1# {Precision: White = 41%, Black = 42%.} 0-1

[Event "FIDE Zonal 2.5"]
[Site "Villa Martelli-Vicente Lopez"]
[Date "2017.04.30"]
[Round "1"]
[White "Villca, Julian"]
[Black "Morovic Fernandez, Ivan"]
[Result "0-1"]
[WhiteElo "2137"]
[BlackElo "2527"]
[Annotator "TA"]
[PlyCount "62"]
[EventDate "2017.??.??"]
[EventType "swiss"]
[EventCountry "ARG"]
[SourceTitle "playchess.com"]
[Source "ChessBase"]
[SourceQuality "1"]

{[%evp 14,62,20,-1,10,17,16,17,31,-15,-2,-10,-17,-14,-3,-9,1,-29,-25,-43,0,-13,0,0,6,8,22,0,25,18,28,0,0,-53,-51,-132,-119,-118,-119,-233,-230,-220,-217,-217,-218,-217,-152,-164,-164,-326,-317]} 1. c4 Nf6 2. g3 g6 3. Bg2 Bg7 4. Nc3 O-O 5. e3 d6 6. Nge2 e5 7. O-O Re8 8. d4 e4 {E61: King's Indian: Early deviations for White, including Smyslov System} (8... Nbd7 9. h3 h5 10. Qc2 c6 11. b3 Nf8 12. Rd1 Qe7 13. e4 Ne6 14. d5 cxd5 15. cxd5 Nc5 16. b4 Na6 17. a3 Bd7 18. Be3 Rec8 19. Qd3 {½-½ (44) Aronian,L (2801)-Grischuk,A (2771) Moscow 2010}) 9. h3 h5 10. Nf4 c6 {The position is equal.} 11. b4 Bf5 12. Bb2 $146 ({Predecessor (2):} 12. b5 Nbd7 13. bxc6 bxc6 14. Qa4 c5 15. Rd1 Nb6 16. Qb3 cxd4 17. exd4 {0-1 (74) Machin Rivera,M (2339)-Amin,B (2661) Baku 2016}) 12... Nbd7 13. Qe2 Rc8 14. a4 a5 15. b5 Nb6 16. Rfc1 c5 {White must now prevent ...cxd4.} 17. Nd1 Qe7 18. Ra2 Rc7 19. Bc3 Ra8 20. Bf1 Nbd7 21. Rd2 Rcc8 22. Nb2 cxd4 23. exd4 ({White should play} 23. Bxd4 $11 Rab8 24. Bg2) 23... Bh6 $15 24. Re1 ({White should try} 24. Nd1 $15) 24... Bxf4 25. gxf4 {[#]} Nd5 $1 {[%cal Rd5c3][%mdl 512]} 26. Nd1 (26. Bxa5 $17 {was necessary.} Nxf4 27. Qe3) (26. cxd5 Rxc3) 26... Nxf4 $19 27. Qe3 Qh4 28. Qg3 Nxh3+ 29. Bxh3 Qxg3+ 30. fxg3 {[#] Strongly threatening Bxf5.} Bxh3 31. Rxe4 $2 (31. Rh2) 31... Rxc4 {Precision: White = 39%, Black = 84%.} 0-1

[Event "FIDE Zonal 2.5"]
[Site "Villa Martelli-Vicente Lopez"]
[Date "2017.04.30"]
[Round "1"]
[White "Aguero Arce, Matias"]
[Black "Real De Azua, Ernesto"]
[Result "0-1"]
[WhiteElo "2124"]
[BlackElo "2478"]
[Annotator "TA"]
[PlyCount "68"]
[EventDate "2017.??.??"]
[EventType "swiss"]
[EventCountry "ARG"]
[SourceTitle "playchess.com"]
[Source "ChessBase"]
[SourceQuality "1"]

{[%evp 11,68,4,7,0,0,-2,-4,-22,-15,-21,-17,-15,-8,-23,-12,-25,-36,-77,-55,-133,-115,-280,-275,-289,-275,-275,-275,-275,-275,-286,-261,-256,-235,-221,-227,-284,-299,-346,-327,-338,-325,-363,-366,-842,-845,-1064,-1012,-1327,-1306,-29976,-29977,-29993,-29994,-29994,-29995,-29995,-29996,-29996,-29997]} 1. d4 Nf6 2. Nf3 e6 3. c4 d5 4. Nc3 dxc4 5. e3 a6 6. Bxc4 b5 7. Be2 {D26: Queen's Gambit Accepted: 4 e3 e6 5 Bxc5 c5 sidelines} Bb7 8. a3 c5 9. dxc5 {Hoping for Qxd8+.The position is equal.} Qxd1+ 10. Bxd1 {Black should prevent b4.} Bxc5 11. b4 Bd6 12. Bb2 Nbd7 13. Bb3 $146 ({Predecessor:} 13. O-O Ke7 14. Nd2 Nb6 15. Be2 Rac8 {½-½ (43) Rakhmanov,A (2606)-Shimanov,A (2658) Minsk 2014}) 13... Ke7 14. Nd4 Ne5 $36 {[%mdl 2048] ...Nd3+ is the strong threat. Black is more active.} (14... Bxg2 $5 15. Rg1 Bb7 16. Rxg7 Kf8 $17) 15. O-O-O (15. O-O $15) 15... Nfg4 16. Rd2 $2 {[#]} (16. Rhf1 $17 {keeps fighting.}) 16... Nxf2 $1 $19 {[%mdl 512]} 17. Rf1 (17. Rxf2 Nd3+) 17... Nfd3+ 18. Kc2 Nxb2 19. Kxb2 Rhd8 20. h3 Rac8 21. g4 Nc4+ 22. Bxc4 Rxc4 23. g5 Be5 24. Rdf2 f5 25. gxf6+ Bxf6 26. Nce2 Be4 27. Kb3 $2 (27. Nc3 Bf5 28. h4) 27... e5 {[%cal Be6e5,Be5d4,Bd4e3,Be3e2][%mdl 32]} 28. Ng3 exd4 29. Nxe4 dxe3 30. Rf4 e2 {Black mates.} 31. Re1 Rd3+ 32. Ka2 Rc2+ 33. Kb1 Rb2+ 34. Kc1 {[#]} Rd1+ $1 {Precision: White = 34%, Black = 95%.} 0-1

[Event "FIDE Zonal 2.5"]
[Site "Villa Martelli-Vicente Lopez"]
[Date "2017.04.30"]
[Round "2"]
[White "Mareco, Sandro"]
[Black "Sica, Mauro"]
[Result "*"]
[WhiteElo "2648"]
[BlackElo "2154"]
[Annotator "TA"]
[PlyCount "42"]
[EventDate "2017.??.??"]
[EventType "swiss"]
[EventCountry "ARG"]
[SourceTitle "playchess.com"]
[Source "ChessBase"]
[SourceQuality "1"]

{[%evp 14,15,36,38]} 1. Nf3 d6 2. d4 f5 3. g3 g6 4. Bg2 Nf6 5. O-O Bg7 6. b3 O-O 7. Bb2 Ne4 8. c4 {Predecessor (50):} Nc6 $146 9. Nbd2 Nxd2 10. Qxd2 e5 11. dxe5 dxe5 12. Qd5+ Kh8 13. Qxd8 Rxd8 14. Rfd1 e4 15. Rxd8+ Nxd8 16. Bxg7+ Kxg7 17. Nd4 Ne6 18. Rd1 Nxd4 19. Rxd4 Be6 20. f3 exf3 21. exf3 c5 {½-½ (32) Heimann,A (2588)-Demuth,A (2527) Bad Ragaz 2017} *

[Event "FIDE Zonal 2.5"]
[Site "Villa Martelli-Vicente Lopez"]
[Date "2017.05.01"]
[Round "2"]
[White "Peralta, Fernando"]
[Black "Lopez Azambuja, Nicolas"]
[Result "1-0"]
[WhiteElo "2571"]
[BlackElo "2296"]
[Annotator "TA"]
[PlyCount "75"]
[EventDate "2017.??.??"]
[EventType "swiss"]
[EventCountry "ARG"]
[SourceTitle "playchess.com"]
[Source "ChessBase"]
[SourceQuality "1"]

{[%evp 8,75,8,-4,-2,0,-1,-1,-1,-1,-2,-4,0,0,0,4,9,0,8,0,0,0,0,0,0,0,0,-17,5,0,-1,-8,0,-16,-13,-28,-33,-45,-51,-35,-46,-100,0,0,0,1,0,0,52,0,0,0,0,0,0,0,0,0,19,9,70,58,72,46,95,93,101,87,988,945]} 1. d4 Nf6 2. c4 e6 3. Nc3 Bb4 4. e3 O-O 5. Nge2 c6 {E46: Nimzo-Indian: Rubinstein: 4 e3 0-0 5 Ne2 without early Bd3} (5... Re8 6. a3 Bf8 7. Ng3 d5 8. Be2 b6 9. cxd5 exd5 10. b4 Bb7 11. O-O Nbd7 12. Qb3 c6 13. Bf3 a6 14. Rd1 b5 15. e4 Nb6 {0-1 (51) Gupta,A (2627)-Wei,Y (2725) Liaocheng 2017}) 6. a3 Ba5 7. Qc2 d5 {The position is equal.} 8. Ng3 Nbd7 9. Be2 dxc4 10. Bxc4 e5 11. O-O exd4 12. exd4 Nb6 13. Ba2 {aiming for b4.} Nbd5 $146 ({Not} 13... Qxd4 $2 14. b4 $18) 14. Bg5 h6 15. Bxf6 Nxf6 16. Rad1 Re8 17. d5 cxd5 18. Nxd5 Be6 19. Nxf6+ Qxf6 20. Bb1 (20. Ne4 $5 {[%cal Re4f6]} Qe5 21. Nd6 (21. Bxe6 Rxe6 22. Ng3 Bb6 $15) 21... Bxa2 22. Nxe8 Rxe8 23. b4 $15) 20... g6 21. Ne4 Qg7 22. Nd6 Re7 23. b4 Bc7 24. Nxb7 {[#]} (24. Qe2 $15) 24... Bxh2+ (24... Qe5 $1 $17 {[%csl Gc7][%cal Re5h2]} 25. f4 Qe3+ 26. Qf2 Qxa3) 25. Kxh2 $11 {Threatens to win with Nc5.} Rxb7 26. Qc6 Rab8 27. Kg1 Qb2 {[#]} (27... Re7 $11) 28. Qa6 ({White should play} 28. Bxg6 $1 $14 {[%mdl 512]} Rb6 (28... fxg6 29. Qxe6+) 29. Qc2 Qxa3 30. Rd3 Qxb4 31. Rg3) 28... Kg7 29. Rfe1 Qf6 (29... Bg4 $5 {[%cal Rg4d1]} 30. f3 Be6 $11) 30. Be4 {[%cal Bb1e4,Be4f3,Bf3c6][%mdl 32]} Rc7 31. Bf3 Rb6 32. Qa5 Re7 33. Qc5 $36 {[%mdl 2048] White fights for an advantage.} Rb8 ({Better is} 33... Ra6 $11) 34. b5 $14 Rc8 35. Bc6 Rec7 36. a4 Qg5 37. Re5 Qg4 $2 {[%mdl 8192]} (37... Qh4 $16) 38. Rd4 {Precision: White = 83%, Black = 62%.} 1-0

[Event "FIDE Zonal 2.5"]
[Site "Villa Martelli-Vicente Lopez"]
[Date "2017.04.30"]
[Round "2"]
[White "Vasquez Schroeder, Rodrigo"]
[Black "Anino, Sergio"]
[Result "*"]
[WhiteElo "2554"]
[BlackElo "2150"]
[Annotator "TA"]
[PlyCount "39"]
[EventDate "2017.??.??"]
[EventType "swiss"]
[EventCountry "ARG"]
[SourceTitle "playchess.com"]
[Source "ChessBase"]
[SourceQuality "1"]

{[%evp 15,16,21,11]} 1. e4 e6 2. d4 d5 3. Nd2 c5 4. exd5 Qxd5 5. Ngf3 cxd4 6. Bc4 Qd6 7. O-O Nf6 8. Nb3 Nc6 {Predecessor (50):} 9. Nbxd4 $146 Nxd4 10. Nxd4 a6 11. Re1 Qc7 12. Bf1 Be7 13. Qf3 O-O 14. Bf4 Bd6 15. Bxd6 Qxd6 16. Rad1 Qc7 17. c4 Bd7 18. b3 Rfd8 19. Qg3 Qxg3 20. hxg3 {½-½ (49) Movsesian,S (2673)-Vitiugov,N (2726) Tallinn 2016} *

[Event "FIDE Zonal 2.5"]
[Site "Villa Martelli-Vicente Lopez"]
[Date "2017.04.30"]
[Round "2"]
[White "Krysa, Leandro"]
[Black "Gimenez, Ismael"]
[Result "*"]
[WhiteElo "2518"]
[BlackElo "2137"]
[Annotator "TA"]
[PlyCount "44"]
[EventDate "2017.??.??"]
[EventType "swiss"]
[EventCountry "ARG"]
[SourceTitle "playchess.com"]
[Source "ChessBase"]
[SourceQuality "1"]

{[%evp 19,20,21,22]} 1. e4 e5 2. Nf3 Nc6 3. Bb5 Nge7 4. c3 g6 5. d4 exd4 6. cxd4 d5 7. exd5 Nxd5 8. O-O Bg7 9. Re1+ Be6 10. Bg5 Qd6 {Predecessor (50):} 11. Nbd2 $146 O-O 12. Ne4 Qb4 13. Bxc6 bxc6 14. Qc1 Rfe8 15. Bd2 Qb6 16. Nc5 Bf5 17. Ne5 Re7 18. a4 Bxe5 19. dxe5 Rb8 20. b4 Rbe8 21. Qc4 Rxe5 22. Rxe5 Rxe5 {½-½ (39) Ly,M (2501)-Banusz,T (2616) Abu Dhabi 2016} *

[Event "FIDE Zonal 2.5"]
[Site "Villa Martelli-Vicente Lopez"]
[Date "2017.05.01"]
[Round "2"]
[White "Pacheco, Daniel"]
[Black "Mareco, Sandro"]
[Result "0-1"]
[WhiteElo "2279"]
[BlackElo "2648"]
[Annotator "TA"]
[PlyCount "88"]
[EventDate "2017.??.??"]
[EventType "swiss"]
[EventCountry "ARG"]
[SourceTitle "playchess.com"]
[Source "ChessBase"]
[SourceQuality "1"]

{[%evp 10,88,12,7,5,-2,-3,-16,-11,-32,-20,-63,-70,-67,-65,-61,-101,-89,-61,-66,-51,-61,-51,-81,-73,-95,-86,-120,-90,-98,-89,-95,-46,-70,0,-14,-5,-76,-63,-92,-72,-62,-66,-52,-63,-52,-24,-96,-108,-104,-101,-119,-99,-220,-114,-253,-249,-223,-223,-468,-466,-668,-676,-671,-663,-661,-647,-767,-761,-702,-645,-644,-644,-638,-639,-822,-809,-1002,-1025,-954,-931]} 1. d4 Nf6 2. Bf4 b6 3. e3 Bb7 4. Nd2 g6 5. Ngf3 Bg7 6. Bd3 {LiveBook: 10 Games} d6 {A47: 1 d4 Nf6 2 Nf3 b6: Torre, London and Colle Systems} 7. c3 (7. O-O Nbd7 8. e4 O-O 9. Re1 Nh5 10. Be3 e5 11. c3 h6 12. Qc2 a6 13. a4 Kh7 14. Rad1 Qe7 15. b4 Rac8 16. a5 b5 17. dxe5 Nxe5 18. Nxe5 Bxe5 {½-½ (30) Ghosh,D (2485)-Rakhmanov,A (2610) Dubai 2014}) 7... O-O 8. Qe2 Nbd7 {The position is equal.} 9. O-O-O c5 10. e4 $146 ({Predecessor:} 10. h4 h5 11. Kb1 a6 12. a4 Ng4 13. Bc4 d5 14. Bxd5 {0-1 (14) Delgado,L (2295)-Gutierrez Masdeu,J (2280) Barcelona 1999}) 10... cxd4 11. cxd4 e5 12. dxe5 dxe5 13. Be3 Rc8+ 14. Kb1 Nc5 15. Bxc5 $1 Rxc5 16. Nb3 Rc7 17. Ka1 Qe7 18. Ne1 a5 {[%cal Ba7a5,Ba5a4][%mdl 32]} 19. Nc2 Rd8 20. f3 a4 21. Nc1 Bh6 (21... Rdc8 $15) 22. a3 $11 Nd7 {[%cal Bf6d7,Bd7c5,Bc5b3][%mdl 32] Hoping for ...Nc5.} 23. Na2 (23. Bb5 $11) 23... Nc5 $17 24. Nab4 Rcd7 $36 {[%mdl 2048] Black is really pushing.} 25. Ne3 Bxe3 26. Qxe3 Nb3+ 27. Kb1 Qc5 28. Qg5 (28. Qh6 $1 $11) 28... Kg7 29. Rhe1 Rd4 30. Qe3 ({But not} 30. Nd5 $2 Bxd5 31. Qxd8 Bc4 32. Bxc4 Rxd8 33. Bxb3 Rxd1+ 34. Bxd1 b5 $19) 30... Qd6 31. Qe2 {[#]} (31. h4 $17) 31... Bc6 (31... Rxb4 $1 $19 32. axb4 Qxb4) 32. Bc2 {[#]} (32. Qe3 $17 {was the only defense.}) 32... Nd2+ $1 $19 33. Ka2 ({Weaker is} 33. Ka1 Qc5 34. Bd3 (34. Nxc6 $2 Qxc6 35. Ka2 Qxc2 $19) 34... Nb3+ 35. Kb1 Bb7 $15) 33... Rxb4 34. axb4 $2 (34. Rxd2 Qxd2 35. axb4) 34... Qxb4 {Black is clearly winning.} 35. Bd3 (35. Qe3 $142 Qc4+ 36. Ka1 Qxc2 37. Rc1 Nb3+ 38. Ka2 Nxc1+ 39. Rxc1 Qb3+ 40. Qxb3 axb3+ 41. Kxb3) 35... Qb3+ 36. Ka1 Qxd3 37. Qxd3 Rxd3 38. b3 Nxb3+ 39. Kb2 Nc5 40. Kc2 Rd4 41. Kc3 Nb3 42. Rd3 b5 {[%cal Bb6b5,Bb5b4][%mdl 32]} 43. Rdd1 b4+ 44. Kb2 Bd7 {Precision: White = 49%, Black = 70%.} 0-1